| Tag |
First Indicator |
Second Indicator |
Subfields |
| LEADER |
00000nam a2200000 4500 |
| 001 |
in00004288539 |
| 005 |
20200813082321.0 |
| 006 |
m g d |
| 007 |
cr bn |||a|bb| |
| 008 |
940803s1661 enk o o00| | eng d |
| 035 |
|
|
|a (UnM)99869641
|
| 037 |
|
|
|a CL0051000009
|b ProQuest Information and Learning. 300 N. Zeeb Rd., Ann Arbor, MI 48106
|
| 040 |
|
|
|a Cu-RivES
|c Cu-RivES
|d CStRLIN
|d Uk-ES
|e dcrb
|d WaOLN
|
| 110 |
1 |
|
|a England and Wales.
|b Sovereign (1660-1685 : Charles II)
|
| 245 |
1 |
0 |
|a By the King. A proclamation, prohibiting all unlawful and seditious meetings and conventicles under pretence of religious worship.
|
| 260 |
|
|
|a [London :
|b Printed by John Bill, Printer to the King's most excellent Majesty, 1660. At the King's Printing-House in Black-Friers,
|c 1661]
|
| 300 |
|
|
|a 1 online resource (1 sheet ([1] pages)
|
| 336 |
|
|
|a text
|b txt
|2 rdacontent
|
| 337 |
|
|
|a computer
|b c
|2 rdamedia
|
| 338 |
|
|
|a online resource
|b cr
|2 rdacarrier
|
| 500 |
|
|
|a Caption title.
|
| 500 |
|
|
|a Dated at end: Given at Our Court at Whitehall, the tenth day of January, one thousand six hundred and sixty, in the twelfth year of Our Reign.
|
| 500 |
|
|
|a Annotation on Thomason copy: "Jan. 11".
|
| 500 |
|
|
|a Reproduction of the original in the British Library.
|
| 510 |
4 |
|
|a Wing (2nd edition)
|c C3526.
|
| 510 |
4 |
|
|a Thomason
|c 669.f.26[47].
|
| 533 |
|
|
|a Electronic reproduction.
|b Ann Arbor, Mich. :
|c UMI,
|d 1999-
|f (Early English books online)
|n Digital version of: (Thomason Tracts ; 247:669f26[47])
|7 s1999 miun s
|
| 650 |
|
0 |
|a Freedom of religion
|z England
|v Early works to 1800.
|
| 650 |
|
0 |
|a Assembly, Right of
|z England
|v Early works to 1800.
|
| 830 |
|
0 |
|a Early English books online.
|
| 856 |
4 |
0 |
|u http://proxy.library.tamu.edu/login?url=https://search.proquest.com/docview/2240952250
|z Connect to the full text of this electronic book
|t 0
|
| 999 |
f |
f |
|s 8908b34a-7959-33ad-8e03-a318a303b3eb
|i d2bb4f3b-ea51-30f3-bd78-be1d9d80ac6a
|t 0
|
| 952 |
f |
f |
|a Texas A&M University
|b College Station
|c Electronic Resources
|d Available Online
|t 0
|h No information provided
|
| 998 |
f |
f |
|t 0
|l Available Online
|